Problemática en la aplicación de los reles de distancia, en la protección de redes de transmisión que presentan configuraciones complejas
Guardado en:
| Autor principal: | |
|---|---|
| Formato: | Libro |
| Publicado: |
San José, C.R.
2000
|
| Materias: | |
| Etiquetas: |
Agregar Etiqueta
Sin Etiquetas, Sea el primero en etiquetar este registro!
|
MARC
| LEADER | 00000nam a2200000Ia 4500 | ||
|---|---|---|---|
| 003 | 008712 | ||
| 005 | 20221231144202.0 | ||
| 008 | 140114s2000 cr a m 000 ||s d | ||
| 040 | |c cru CEDI | ||
| 090 | |a TFG 4302 | ||
| 100 | |a Murillo Fallas, Agustín |9 7811 | ||
| 245 | |a Problemática en la aplicación de los reles de distancia, en la protección de redes de transmisión que presentan configuraciones complejas | ||
| 260 | |c 2000 |a San José, C.R. | ||
| 300 | |a ix, 89 hojas | ||
| 500 | |a Proyecto de graduación (bachillerato en ingeniería eléctrica)--Universidad de Costa Rica. Facultad de Ingeniería. Escuela de Ingeniería Eléctrica | ||
| 650 | |x RELES ELECTRICOS |x CONTROL AUTOMATICO |x REDES ELECTRICAS |9 7812 | ||
| 942 | |c TFG | ||
| 999 | |c 18136 |d 18136 | ||
